Logo BPK

Biblioteka

Politechniki Koszalińskiej

A practieal guide to the teaching of English as a second or foreing language / (Rekord nr 29326)

Szczegóły MARC
000 -ETYKIETA REKORDU
podpole kontrolne o stałej długości 00406nam a2200145 i 4500
001 - NUMER KONTROLNY REKORDU
pole kontrolne bg
040 ## - ŹRÓDŁO KATALOGOWANIA
Instytucja, która utworzyła rekord BPK
041 ## - KOD JĘZYKA
Kod języka tekstu pol
008 - POLE O STAŁEJ DŁUGOŚCI - DANE KONTROLNE
podpole kontrolne o stałej długości s pl f |000 0 pol
100 1# - NAZWA OSOBOWA
Nazwa osobowa RIVERS, Wilga M.
245 #0 - TYTUŁ/ODPOWIEDZIALNOŚĆ
Tytuł A practieal guide to the teaching of English as a second or foreing language /
Pozostałe elementy strefy tytułu i oznaczenia odpowiedzialności Wilga M. Rivers, Mary S. Temperley.
260 ## - STREFA ADRESU WYDAWNICZEGO
Miejsce wydania Oxford.
700 1# - HASŁO DODATKOWE - NAZWA OSOBOWA
Nazwa osobowa TEMPERLEY, Mary S.
856 ## - LOKALIZACJA I DOSTĘP DO ELEKTRONICZNYCH DOKUMENTÓW ZDALNYCH
Link (URL) http://koha.tu.koszalin.pl/cgi-bin/koha/opac-detail.pl?biblionumber=29326
Tekst linku Katalog online BPK
942 ## - DODATKOWE ELEMENTY (KOHA)
Typ dokumentu Książka
Egzemplarze
Wycofany Status egzemplarza Uszkodzony Dostępność Lokalizacja stała Lokalizacja bieżąca Miejsce przechowywania Sygnatura Kod kreskowy Typ dokumentu
      Tylko na miejscu Biblioteka Politechniki Koszalińskiej Biblioteka Politechniki Koszalińskiej Czytelnia Wydziałowa ul. Kwiatkowskiego 6e 35472 01422931 Książka
© 2023 Biblioteka Politechniki Koszalińskiej :: KOHA